| 000 | 01250nam a22002417a 4500 | ||
|---|---|---|---|
| 005 | 20250410150522.0 | ||
| 008 | 231215b |||||||| |||| 00| 0 eng d | ||
| 020 | _a958602363X | ||
| 037 | _3Donación | ||
| 040 |
_aCO-JMCR _cCO-JMCR _dCO-JMCR _erda |
||
| 041 | _aspa | ||
| 082 |
_223 _aA-N _bBENc |
||
| 100 |
_aBenítez, Juan José _eAutor _943039 |
||
| 245 |
_aCaballo de Troya 2 : _bMasada / _cJ.J. Benitez |
||
| 260 |
_aBogotá : _bPrinter Colombia, _c1986 |
||
| 300 |
_a445 páginas _c20 cm |
||
| 490 | _aCaballo de Troya | ||
| 520 | _aEsta novela narra los acontecimientos que tuvieron lugar en Jerusalén y Masada durante los últimos meses del año 30 d.C., año en el que se cree que tuvo lugar la crucifixión de Jesús de Nazaret. relata los acontecimientos más importantes de la vida de Jesús durante este período, incluyendo sus apariciones a los discípulos, su ascensión al cielo y la destrucción de Jerusalén. La novela también explora temas como la naturaleza de la divinidad, el significado de la vida y la muerte, y la relación entre la ciencia y la religión. | ||
| 650 |
_2JMCR _aJesucristo _vNovela _943040 |
||
| 650 |
_2JMCR _aNovela histórica _9186 |
||
| 650 |
_2JMCR _aNovela española |
||
| 942 |
_2ddc _cBK |
||
| 999 |
_c30464 _d16848 |
||